000 00527nam a22001697a 4500
999 _c165022
_d165022
005 20190603130736.0
010 _aENG-125368
020 _a9788193231944
_c1295.00
035 _aEN-108900
037 _bDBAD/PUB
082 _a220.21
245 _aVeda and Vedic literature /
_ced.by Hans Henrich Hock
260 _aNew Delhi
_bDK Publishers
_c2016
270 _a4224/1, Ansari Road, Daryaganj
_bNew Delhi
_e110002
_k011-41562573
_minfo@dkpd.com
300 _a224p.
_c24cm(Hb)
942 _2ddc
_cEN
_mVED
_h220.21